书目信息 |
| 题名: |
中华人民共和国农业法典
|
|
| 作者: | ||
| 分册: | 24 | |
| 出版信息: | 北京 法律出版社 2008.01 |
|
| 页数: | 627页 | |
| 开本: | 23cm | |
| 丛书名: | 中华人民共和国分类法典 | |
| 单 册: | ||
| 中图分类: | D922.49 | |
| 科图分类: | ||
| 主题词: | 农业法--nong ye fa--中国--汇编 | |
| 电子资源: | ||
| ISBN: | 978-7-5036-8046-5 | |
| 000 | 00951nam 2200253 450 | |
| 001 | 003692261 | |
| 005 | 20080922112434.90 | |
| 010 | @a978-7-5036-8046-5@dCNY58.00 | |
| 100 | @a20080102d2008 em y0chiy0110 ea | |
| 101 | 0 | @achi |
| 102 | @aCN@b110000 | |
| 105 | @ay n 000yy | |
| 200 | 1 | @a中华人民共和国农业法典@Azhong hua ren min gong he guo nong ye fa dian@d= Agriculture laws and regulations of China@h24@zeng |
| 210 | @a北京@c法律出版社@d2008.01 | |
| 215 | @a627页@d23cm | |
| 225 | 2 | @a中华人民共和国分类法典@Azhong hua ren min gong he guo fen lei fa dian@e应用版@v24 |
| 330 | @a本书突出法律法规应用性特点,对中华人民共和国农业法进行了详细的介绍,并对重点法律附加了详细的条文注释和导读。 | |
| 410 | 0 | @12001 @a中华人民共和国分类法典@v24 |
| 510 | 1 | @aAgriculture laws and regulations of China@zeng |
| 606 | 0 | @a农业法@Anong ye fa@y中国@j汇编 |
| 690 | @aD922.49@v4 | |
| 801 | 0 | @aCN@c20080922 |
| 905 | @dD922.49@eN890 | |
| 999 | @aCYP | |
| 中华人民共和国农业法典= Agriculture laws and regulations of China.24.-北京:法律出版社,2008.01 |
| 627页;23cm.-(中华人民共和国分类法典:应用版;24) |
| ISBN 978-7-5036-8046-5:CNY58.00 |
| 本书突出法律法规应用性特点,对中华人民共和国农业法进行了详细的介绍,并对重点法律附加了详细的条文注释和导读。 |
| ● |
| 相关链接 |
|
|
|
正题名:中华人民共和国农业法典
索取号:D922.49/N890
 
预约/预借
| 序号 | 登录号 | 条形码 | 馆藏地/架位号 | 状态 | 备注 |
| 1 | 678981 | 206789812 | 社科库509/509社科库 89排5列1层/ [索取号:D922.49/N890] | 在馆 | |
| 2 | 678982 | 206789821 | 社科库509/509社科库 89排5列1层/ [索取号:D922.49/N890] | 在馆 | |
| 3 | 678983 | 206789830 | 社科库509/509社科库 89排5列1层/ [索取号:D922.49/N890] | 在馆 |